Football - Anciens joueurs de Liverpool (moins de 60 matchs) - Statistiques

Statistiques générales
  • Ce quiz a été pris 150 fois
  • Le résultat moyen est 6 sur 10
Statistiques - réponses
Nationalité - Dernier club Saisons Poste Réponse % Correct
Japon - Monaco 2019 - 2022 Attaquant Takumi Minamino
91%
Italie - Adana Demirspor 2014 - 2015 Attaquant Mario Balotelli
74%
Espagne - Celta Vigo 2013 - 2014 Attaquant Iago Aspas
72%
Allemagne - Newcastle 2016 - 2018 Gardien Loris Karius
70%
Uruguay - Sporting Portugal 2011 - 2014 Défenseur Sebastián Coates
65%
Turquie - Hoffenheim 2020 - 2021 Défenseur Ozan Kabak
51%
Espagne - FC Nantes 2015 - 2020 Milieu Pedro Chirivella
51%
Angleterre - West Ham 2015 - 2018 Attaquant Danny Ings
41%
Nigeria - Spartak Moscou 2013 - 2014 Défenseur Victor Moses
34%
Angleterre - Leicester 2012 - 2013 Défenseur Conor Coady
18%
Aucun quiz correspondant
Distribution des résultats
% des personnes avec chaque résultat
Percentile par nombre de réponses
Votre historique - résultats
Vous n’avez pas pris ce quiz